| 000 | 01004nam a2200289Ia 4500 | ||
|---|---|---|---|
| 003 | GCL | ||
| 008 | 140319s9999 xx 000 0 ara d | ||
| 020 | _a4038099906 | ||
| 040 |
_aGCL / _cGCL |
||
| 082 | 0 | 4 |
_aد _b050 |
| 100 | 1 | _aاحمد محمود صبحى | |
| 245 | 1 | 0 |
_aفجر العلم الحديث ( الاسلام - الصين - الغرب )( عالم المعرفة 219 ،260) / _cاحمد محمود صبحى |
| 700 | 1 | _aهاف، توبى | |
| 250 | _aالثانية | ||
| 260 |
_aالكويت : _bالمجلس الوطنى للثقافة والفنون والاداب ، _c1997 |
||
| 300 |
_a286 ص ؛ _c20 سم |
||
| 490 |
_aعالم المعرفة _v219-260 |
||
| 650 | 0 | 4 | _aالاسلام |
| 650 | 0 | 4 | _aالعلم الحديث |
| 650 | 0 | 4 | _aالصين |
| 650 | 0 | 4 | _aالحضارة الاسلامية |
| 650 | 0 | 4 | _aالغرب |
| 650 | 0 | 4 | _aالحضارة - نظريات |
| 650 | 0 | 4 | _aالاسلام , علم |
| 650 | 0 | 4 | _aالانظمة الدينية |
| 942 |
_2ddc _cBK |
||
| 999 |
_c47879 _d47879 |
||